सावरकर, भगतसिंह, आजाद के प्रेरक प्रसंग (Record no. 63412)
[ view plain ]
| 000 -LEADER | |
|---|---|
| fixed length control field | 00400nam a22000977a 4500 |
| 100 ## - MAIN ENTRY--AUTHOR NAME | |
| Personal name | दलाल,सुखवीर सिंह |
| 245 ## - TITLE STATEMENT | |
| Title | सावरकर, भगतसिंह, आजाद के प्रेरक प्रसंग |
| 260 ## - PUBLICATION, DISTRIBUTION, ETC. (IMPRINT) | |
| Place of publication | दिल्ली |
| Name of publisher | गुप्ता कम्यूनिकेशन |
| Year of publication | 2019 |
| 650 ## - SUBJECT ADDED ENTRY--TOPICAL TERM | |
| Topical Term | Children Book |
| 942 ## - ADDED ENTRY ELEMENTS (KOHA) | |
| Koha item type | Books |
| Withdrawn status | Lost status | Damaged status | Not for loan | Home library | Current library | Date acquired | Cost, normal purchase price | Full call number | Accession Number | Price effective from | Koha item type |
|---|---|---|---|---|---|---|---|---|---|---|---|
| MACL | MACL | 25/09/2020 | 200.00 | 080 | CRH038634 | 25/09/2020 | Books |









